| 000 | 00588nam a22001817a 4500 | ||
|---|---|---|---|
| 003 | OSt | ||
| 005 | 20120302151735.0 | ||
| 008 | 091127t xxu||||| |||| 00| 0 eng d | ||
| 035 | _a १७२८४ | ||
| 040 | _cमराठी | ||
| 100 |
_aपाल, बचेंद्री _910603 |
||
| 245 | _aएव्हरेस्ट | ||
| 250 | _a३ री | ||
| 260 |
_aदिल्ली _bनॅशनल बुक ट्रस्ट _c२००३ |
||
| 300 | _b६४ पाने | ||
| 700 |
_aनित्सुरे, सुजला - अनु. _910604 |
||
| 942 |
_2ddc _cBOOK |
||
| 999 |
_c495285 _d495282 |
||